Harry Potter Back to the Camera Quiz Stats

 Plays Quiz Updated May 22, 2018

Support Sporcle.
Go Orange.
Score 0/24 Timer 08:00
4 Plays Today
% Correct
Albus Dumbledore
98.8%
Draco Malfoy
98.7%
Dobby
97%
Severus Snape
96.4%
Voldemort
96.1%
Rubeus Hagrid
95.9%
Luna Lovegood
94.9%
Neville Longbottom
93.7%
Lucius Malfoy
92.9%
Ron Weasley, Hermione Granger and Harry Potter
92.8%
Ginny Weasley
92.7%
Sirius Black
92.2%
% Correct
Dolores Umbridge
91.7%
Molly Weasley
91.1%
Minerva McGonagall
89.2%
Cedric Diggory
85.8%
Gilderoy Lockhart
83.4%
Argus Filch
82.7%
Rita Skeeter
81.3%
Quirinus Quirrell
80.4%
Dudley Dursley
79.6%
Garrick Ollivander
79.3%
Kingsley Shacklebolt
75.1%
Ariana Dumbledore
61.4%

From the Vault

50 Flicks to Click (1978)

by MSUKent

Movies 7m
'Nothing is over until we decide it is!'
Remove Ads.
Support Sporcle.
Get the best of Sporcle when you Go Orange. This ad-free experience offers more features, more stats, and more fun while also helping to support Sporcle. Thank you for becoming a member.

Show Comments

Extras

Top Quizzes Today


Score Distribution

Your Account Isn't Verified!

In order to create a playlist on Sporcle, you need to verify the email address you used during registration. Go to your Sporcle Settings to finish the process.

Report this User

Report this user for behavior that violates our Community Guidelines.

Details: